000 00684nam a2200229Ii 4500
003 JO-AjNU
008 230605s9999||||xx |||||||||||||| ||und||
017 _a2008/5/1493
020 _a9957-07-586-6
040 _aJO-AjNU
_bara
_erda
_cJO-AjNU
041 _aara
050 1 4 _aBF128.A7.Q27.2009
100 3 _aقطامي،يوسف محمود,
_eauthor
_926012
245 0 0 _aمدخل الى علم النفس
250 _aط1
264 3 1 _aعمان:دار الفكر ناشرون وموزعون ، 2009
300 _a320ص
336 _atext
_btxt
_2rdacontent
337 _aunmediated
_bn
_2rdamedia
338 _avolume
_bnc
_2rdacarrier
650 4 _aعلم النفس
_926013
999 _aA9803
_c13371
_d13371